| 000 | 00708nam a2200217Ii 4500 | ||
|---|---|---|---|
| 003 | JO-AjNU | ||
| 008 | 230605s9999||||xx |||||||||||||| ||und|| | ||
| 017 | _a1993/8/857 | ||
| 040 |
_aJO-AjNU _bara _erda _cJO-AjNU |
||
| 041 | _aara | ||
| 050 | 1 | 4 | _aHF5438.4.M82.2007 |
| 100 | 3 |
_aمعلا،ناجي ذيب صالح, _eauthor _933105 |
|
| 245 | 0 | 0 | _aالاصول العلمية في ادارة المبيعات |
| 250 | _aط3 | ||
| 264 | 3 | 1 | _aعمان:د.ن؛2007 |
| 300 |
_a299ص _bيحتوي على ببلوغرافية من ص297-299ص |
||
| 336 |
_atext _btxt _2rdacontent |
||
| 337 |
_aunmediated _bn _2rdamedia |
||
| 338 |
_avolume _bnc _2rdacarrier |
||
| 650 | 4 |
_aادارة المبيعات _933106 |
|
| 999 |
_aA13439 _c17007 _d17007 |
||